Educación y razonamiento moral: una aproximación constructivista para trabajar los contenidos transversales
Guardat en:
| Autors principals: | , |
|---|---|
| Format: | Llibre |
| Idioma: | espanyol |
| Publicat: |
Bilbao
Mensajero
1994
|
| Col·lecció: | Colección Recursos e Instrumentos PsicoPedagógicos, 8
|
| Matèries: | |
| Etiquetes: |
Afegir etiqueta
Sense etiquetes, Sigues el primer a etiquetar aquest registre!
|
MARC
| LEADER | 00000nam a2200000 a 4500 | ||
|---|---|---|---|
| 001 | UCP8799 | ||
| 003 | CL-VaPUC | ||
| 008 | 000317e19940000SP |||||||||||||||||spa|d | ||
| 082 | 0 | 4 | |a 370.114 |b DIA |2 21 |
| 100 | 0 | |a Díaz Aguado, María José |e author |9 439031 | |
| 700 | 0 | |a Medrano, Concepción |e author |9 439032 | |
| 245 | 1 | 0 | |a Educación y razonamiento moral: una aproximación constructivista para trabajar los contenidos transversales |
| 300 | |a 154 p | ||
| 942 | |c BK | ||
| 945 | |d 20000317 00:00:00 |a rbrito | ||
| 260 | |a Bilbao |b Mensajero |c 1994 | ||
| 650 | 0 | |a Filosofía de la educación |9 258384 | |
| 650 | 0 | |a Valores sociales |9 309627 | |
| 650 | 0 | |a Ética |9 255099 | |
| 650 | 0 | |a Educación moral |9 308319 | |
| 583 | |a last modification |c 20000317 00:00:00 |k Rodrigo Vera | ||
| 490 | 0 | |a Colección Recursos e Instrumentos PsicoPedagógicos, 8 | |
| 999 | |c 285685 |d 285683 | ||
| 952 | |0 0 |1 0 |4 0 |6 370_114000000000000_DIA_1994 |7 0 |8 A |9 330442 |a BIBEDU |b BIBEDU |d 2019-11-20 |i 3596680 |o 370.114 DIA 1994 |p 3596680 |r 2019-11-20 |w 2019-11-20 |y BK |k EPE | ||